000 00802nam a2200241 a 4500
001 BRCA_1906
005 20190320203610.0
008 090608s1990----uk-a---###---#000-0#eng-#
020 _a0500276137
050 4 _aNK2395
_b.B36 1990
100 1 _aBangert, Albrecht
_95881
245 1 0 _a80s [i.e. Ochentas] Style
_bDesigns of the Decade
_cAlbrecht Bangert y Karl Michael Armer ; foreword by Ettore Sottsass.
260 _aLondres
_bThames and Hudson
_c1990
300 _a240 p.
_bil. a color
_c30 cm.
500 _aIncluye índice alfabético
504 _aBibliografía : p. 236
650 1 4 _aMobiliario
_xDiseño
_y1980
_95882
650 1 4 _aIluminación
_95883
650 1 4 _aVajillas
_x650 textiles
_95884
700 1 _aArmer, Karl Michael
_95885
700 1 _aSottsass, Ettore
_95886
942 _2lcc
_cB
999 _c1679
_d1679